| 000 | 01154nam a2200337 a 4500 | ||
|---|---|---|---|
| 001 | 34750 | ||
| 003 | BD-RjUL | ||
| 005 | 20211209052215.0 | ||
| 008 | 140519s20082007enk b 001 0 eng d | ||
| 020 | _a9780195699357 (pbk.) | ||
| 020 | _a0195699351 (pbk.) | ||
| 035 | _a(BD-RjUL)34844 | ||
| 040 |
_aUKM _cUKM _dBTCTA _dYDXCP _dDLC _dBD-RjUL _beng |
||
| 041 | _aeng | ||
| 082 | 0 | 4 |
_a306.09 _222 _bHIS 2008 |
| 245 | 0 | 0 |
_aHistorical anthropology / _cedited by Saurabh Dube. |
| 260 |
_aOxford ; _aNew York : _bOxford University Press, _c2008 |
||
| 300 |
_axiv, 435 p. ; _c22 cm. |
||
| 490 | 0 | _aOxford India paperbacks | |
| 490 | 0 | _aOxford in India readings in sociology and social anthropology | |
| 500 | _aOriginally published: Oxford: Oxford University Press, 2007. | ||
| 504 | _aIncludes bibliographical references and index. | ||
| 520 | _aContributed articles chiefly with reference to India. | ||
| 650 | 0 |
_aEthnology _zIndia. _9105741 |
|
| 650 | 0 |
_aAnthropology _xHistory. _9105742 |
|
| 651 | 0 |
_aIndia _xCivilization. _9105743 |
|
| 700 | 1 |
_aDube, Saurabh. _9105744 |
|
| 942 |
_2ddc _cBK |
||
| 999 |
_c34750 _d34750 |
||